Hearts of Iron 4 Releasables - Statistics

General Stats
  • This quiz has been taken 237 times
    22 since last reset
  • The average score is 129 of 226
Answer Stats
Releasable By Continent Releasable Nation % Correct
France Africa Algeria
94%
Soviet Union/Turkey Europe/Asia Armenia
94%
Soviet Union/Iran Europe/Asia Azerbaijan
94%
Soviet Union/Poland Europe Belarus
94%
United Kingdom Africa Egypt
94%
United Kingdom Africa Gambia
94%
Italy Africa Libya
94%
France/Spain Africa Morocco
94%
France Africa Senegal
94%
United Kingdom Africa Sudan
94%
France Africa Tunisia
94%
Poland/Soviet Union/Romania Europe Ukraine
94%
British Raj Asia Bangladesh
88%
France Africa Chad
88%
France Africa Congo-Brazzaville
88%
France Africa Guinea
88%
Portugal Africa Guinea-Bissau
88%
Japan Asia Korea
88%
France/Iraq/Iran/Turkey Asia Kurdistan
88%
Portugal Africa Mozambique
88%
France Africa Niger
88%
United Kingdom Africa Nigeria
88%
Italy/United Kingdom Africa Somalia
88%
United Kingdom Africa Zambia
88%
United Kingdom Africa Zimbabwe
88%
Portugal Africa Angola
81%
United Kingdom North America Bahamas
81%
United Kingdom North America Belize
81%
Yugoslavia Europe Bosnia and Herzegovina
81%
Belgium Africa Burundi
81%
France Africa Cameroon
81%
Spain Europe Catalonia
81%
France South America Cayenne
81%
Yugoslavia Europe Croatia
81%
France Africa Dahomey
81%
France Africa Djibouti
81%
United Kingdom Africa Ghana
81%
United Kingdom South America Guyana
81%
United Kingdom Africa Kenya
81%
Yugoslavia Europe Kosovo
81%
United Kingdom Africa Malawi
81%
France Africa Mali
81%
France Africa Mauritania
81%
Yugoslavia Europe Montenegro
81%
South Africa Africa Namibia
81%
British Raj Asia Pakistan
81%
Canada North America Québec
81%
Belgium Africa Rwanda
81%
Italy Europe Sardinia-Piedmont
81%
United Kingdom Europe Scotland
81%
Yugoslavia Europe Serbia
81%
United Kingdom Africa Sierra Leone
81%
Yugoslavia Europe Slovenia
81%
Netherlands South America Suriname
81%
France Africa Togo
81%
United Kingdom Europe Wales
81%
Germany Europe Baden-Württemberg
75%
Spain/France Europe Basque Country
75%
Germany Europe Bavaria
75%
France Europe Brittany
75%
France Africa Central African Republic
75%
Spain Europe Galiza
75%
Soviet Union Europe/Asia Georgia
75%
Denmark North America Greenland
75%
Finland/Soviet Union Europe Karelia
75%
Yugoslavia Europe Macedonia
75%
France Africa Madagascar
75%
United Kingdom Europe Malta
75%
Japan Oceania Micronesia
75%
United Kingdom Europe Northern Ireland
75%
France Europe Occitania
75%
Japan Oceania Palau
75%
United Kingdom Asia Qatar
75%
Finland/Norway/Sweden/Soviet Union Europe Sápmi
75%
Germany/Poland Europe Silesia
75%
Czechoslovakia Europe Slovakia
75%
United Kingdom Asia Sri Lanka
75%
Japan Asia Taiwan
75%
United Kingdom Africa Tanzania
75%
Romania/Yugoslavia Europe Transylvania
75%
United Kingdom Asia Trucial States
75%
United Kingdom Africa Uganda
75%
France Africa Upper Volta
75%
France Asia Vietnam
75%
United Kingdom Asia Bahrain
69%
United Kingdom Africa Botswana
69%
France Asia Cambodia
69%
France Africa Côte d'Ivoire
69%
United Kingdom Europe/Asia Cyprus
69%
Italy Africa Eritrea
69%
United States Oceania Hawaii
69%
Germany Europe Hesse
69%
United Kingdom North America Jamaica
69%
Soviet Union Europe/Asia Kazakhstan
69%
France Asia Laos
69%
Italy Europe Lombardy-Venetia
69%
United Kingdom Asia Maldives
69%
Romania/Soviet Union Europe Moldova
69%
Australia Oceania Papua New Guinea
69%
Germany Europe Prussia
69%
Germany Europe Saxony
69%
Germany Europe Schleswig-Holstein
69%
United Kingdom Asia Singapore
69%
Soviet Union Asia Tajikistan
69%
Portugal Asia Timor-Leste
69%
Italy Europe Two Sicilies
69%
Portugal Africa Cape Verde
63%
France Europe Corsica
63%
Soviet Union Europe Dagestan
63%
Poland Europe Danzig
63%
British Raj Asia Kashmir
63%
France Asia Lebanon
63%
United Kingdom Oceania Melanesian Federation
63%
Netherlands North America Netherlands Antilles
63%
United States North America Puerto Rico
63%
Germany Europe Rhenish Republic
63%
Spain Africa Sahrawi Arab Democratic Republic
63%
New Zealand Oceania Samoa
63%
France Asia Syria
63%
Germany Europe Thuringia
63%
Soviet Union Asia Turkmenistan
63%
Soviet Union Asia Uzbekistan
63%
Mexico North America Yucatán
63%
Japan/Soviet Union Asia Ainu Republic
56%
British Raj/Iran Asia Balochistan
56%
United Kingdom North America British Antilles
56%
Soviet Union Europe Crimea
56%
Spain Africa Equatorial Guinea
56%
Soviet Union Asia Far Eastern Republic
56%
France Africa Gabon
56%
Yugoslavia Europe Herzegovina
56%
Oman Asia Imamate of Oman
56%
United Kingdom Asia Israel
56%
Soviet Union Asia Kyrgyzstan
56%
British Raj Asia Sikkim
56%
Australia Oceania Solomon Islands
56%
Ethiopia Africa Tigray
56%
Soviet Union Europe Chechen-Ingush Republic
50%
Brazil/Chile/Ecuador/Peru South America Inca Empire
50%
Soviet Union Europe Kalmykia
50%
Germany/Poland Europe Kashubia
50%
Soviet Union Europe Mari El
50%
Guatemala/Mexico North America Maya State
50%
Germany Europe Mecklenburg
50%
Italy Europe Papal States
50%
Soviet Union Europe Tatarstan
50%
United Kingdom North America Trinidad and Tobago
50%
Italy Europe Tuscany
50%
Soviet Union Europe Udmurtia
50%
Yugoslavia Europe Vojvodina
50%
11th of November Game Rule Europe Al-Andalus
44%
Iraq Asia Assyria
44%
Soviet Union Europe Bashkortostan
44%
Soviet Union Asia Buryatia
44%
Soviet Union Asia Chukotka
44%
Yugoslavia Europe Dalmatia
44%
Soviet Union Europe Don Host
44%
Honduras/Nicaragua North America Mosquito Kingdom
44%
Soviet Union Europe Nenetsia
44%
Soviet Union Europe North Ossetia-Alania
44%
Spain Africa Rif
44%
Soviet Union Asia Sakha Republic
44%
Germany Europe Westphalia
44%
Soviet Union Europe/Asia Abkhazia
38%
Soviet Union Asia Altai
38%
United States North America Confederacy of American States
38%
British Raj Asia Hyderabad
38%
Norway Europe Jan Mayen
38%
Soviet Union Europe Komi Republic
38%
Soviet Union Europe Kuban Host
38%
Japan/United States Oceania Mariana Federation
38%
Ethiopia Africa Oromia
38%
British Malaya Asia Sarawak
38%
Soviet Union Asia Bukharan Jadidist Republic
31%
France North America Guadaloupe
31%
Belgian Congo Africa Katanga
31%
Soviet Union Asia Khakassia
31%
Soviet Union Asia Khivan Jadidist Republic
31%
British Raj Asia Mysore
31%
Chile South America Rapa Nui
31%
British Raj Asia Sindh
31%
British Raj Asia South Arabia
31%
France Oceania Tahiti
31%
Soviet Union Asia Vladivostok
31%
Soviet Union Europe Volga Germany
31%
United Kingdom Africa Biafra
25%
France Asia Champa
25%
Soviet Union Europe Chuvashia
25%
Argentina/Brazil/Paraguay South America Guaraní Nation
25%
Ethiopia Africa Harar
25%
Soviet Union Europe Kabardino-Balkaria
25%
Soviet Union Asia Karakalpakstan
25%
British Raj Asia North-Western Frontier Provinces
25%
Soviet Union Asia Ostyak-Vogul National Republic
25%
Mexico North America Rio Grande
25%
Japan Asia Ryukyu
25%
Germany Europe East Germany
19%
Soviet Union Asia Evenkia
19%
Ethiopia Africa Gambela
19%
British Raj Asia Khalistan
19%
British Raj Asia Kolhapur and Deccan States
19%
British Raj Asia Madras
19%
British Raj Asia Manipur
19%
Ethiopia Africa Qemant
19%
British Raj Asia Rajputana
19%
Soviet Union Asia Taymyria
19%
Canada/United Kingdom/United States North America United Inuit States
19%
Germany Europe West Germany
19%
Dutch East Indies Asia West Papua
19%
United Kingdom Africa Barotseland
13%
Ethiopia Africa Benishangul-Gumuz Nation
13%
British Raj Asia Central Indian Princely States
13%
Uruguay South America Charrúa Nation
13%
British Raj Asia Kalat
13%
Sinkiang Asia Kumul Khanate
13%
British Malaya Asia Sabah
13%
Ethiopia Africa Sidamo
13%
France/United Kingdom Africa Sokoto Caliphate
13%
British Raj Asia Western Indian States
13%
Soviet Union Asia Yamalia
13%
Ethiopia Africa East Africa
6%
Japan Asia Ezo Republic
6%
Colombia/Central America/Venezuela both Americas Isthmo-Amerindian State
6%
United Kingdom North America Itza Nation
6%
Iran Asia Khorasan
6%
Argentina South America Y Wladychfa Gymreig
6%
No matching quizzes found
Score Distribution
Percent of People with Each Score
Percentile by Number Answered
Your Score History
You have not taken this quiz since the last reset